| 000 | 00789nam a22002297a 4500 | ||
|---|---|---|---|
| 999 |
_c808 _d808 |
||
| 003 | AR-CdUCM | ||
| 008 | 190225b ||||| |||| 00| 0 spa d | ||
| 040 |
_aMUNICIPALIDAD PROVINCIAL DEL CUSCO _cBIBLIOTECA MUNICIPAL DEL CUSCO |
||
| 082 |
_22da _a949.4 / _bE5 |
||
| 110 |
_aEncuentro con Suiza _93070 |
||
| 245 | _aLa Vida Cultural | ||
| 260 |
_aSuiza : _bOficina suiza de expansión comercial, Lausana ; _c1982. |
||
| 300 |
_a187 páginas _bfotografías, gráficos, ilustraciones _c21cm |
||
| 505 | _aLa Vida Intelectual y Literaria -- Las Bellas Artes -- La Música -- El Cine | ||
| 650 |
_acultura suiza _93071 |
||
| 650 |
_apedagogía _91560 |
||
| 650 |
_ateatro _93072 |
||
| 650 |
_aarte _9561 |
||
| 650 |
_arenacimiento _93073 |
||
| 942 |
_2ddc _cLIBROS |
||
| 945 |
_anom _d2019-02-25 |
||